La politica nacional de juventud (Registro nro. 68785)
[ vista simple ]
| 001 - NÚMERO DE CONTROL | |
|---|---|
| campo de control | 126516 |
| 005 - FECHA Y HORA DE LA ÚLTIMA TRANSACCIÓN | |
| campo de control | 20250312090732.0 |
| 008 - DATOS DE LONGITUD FIJA--INFORMACIÓN GENERAL | |
| campo de control de longitud fija | 970513e19960301 spa |
| 035 ## - NÚMERO DE CONTROL DEL SISTEMA | |
| Número de control de sistema | 126516 |
| 035 ## - NÚMERO DE CONTROL DEL SISTEMA | |
| Número de control de sistema | (OCoLC)819750913 |
| 040 ## - FUENTE DE LA CATALOGACIÓN | |
| Centro/agencia transcriptor | comduadb |
| 041 ## - CÓDIGO DE LENGUA | |
| Código de lengua del texto/banda sonora o título independiente | spa |
| 245 13 - MENCIÓN DE TÍTULO | |
| Título | La politica nacional de juventud |
| 520 3# - SUMARIO, ETC. | |
| Sumario, etc. | RESUMEN : La Política de Juventud, en discusión desde 1985 pero formalizada en 1992 y luego en 1995, es un instrumento de Política Social que corresponde a la modernización del Estado y la democratización del país. El modelo vigente de planeación y la transición institucional abierta por la Constitución del 91 han creado un escenario tan lleno de oportunidades como de dificultades para consolidar este espacio de la participación juvenil y de la concertación entre la sociedad civil y el Estado. |
| 650 ## - PUNTO DE ACCESO ADICIONAL DE MATERIA--TÉRMINO DE MATERIA | |
| Término de materia o nombre geográfico como elemento de entrada | Políticas de juventud |
| 9 (RLIN) | 124014 |
| 651 #7 - PUNTO DE ACCESO ADICIONAL DE MATERIA--NOMBRE GEOGRÁFICO | |
| Nombre geográfico | Colombia |
| Fuente del encabezamiento o término | embne |
| 9 (RLIN) | 870547 |
| 773 0# - ENLACE AL DOCUMENTO FUENTE/ENTRADA DE REGISTRO ANFITRIÓN | |
| Título | Nómadas (Bogotá) |
| Parte(s) relacionada(s) | Número 04, Marzo-Agosto 1996, p. 115-123 |
| Número de control del registro | 106322 |
| Número Internacional Normalizado para Publicaciones Seriadas | 0121-7550 |
| Número bibliográfico anfitrión | 90417 |
| 942 ## - ELEMENTOS DE ENTRADA AGREGADA (KOHA) | |
| Tipo de ítem Koha | Artículo de Revista |
No hay ítems disponibles.